[Event "35th T-ch GR"]
[Site "Ermioni"]
[Date "2006.07.06"]
[Round "2.4"]
[White "Haritakis, Theodoros"]
[Black "Mastrovasilis, Dimitrios"]
[Result "0-1"]
[WhiteElo "2294"]
[BlackElo "2567"]
[PlyCount "67"]
[EventDate "2006.07.03"]

1. c4 e6 2. Nc3 d5 3. cxd5 exd5 4. d4 c6 5. Bf4 Qb6 6. Qd2 Nf6 7. e3 Be7 8. Bd3
Nh5 9. Bg3 Nd7 10. Nge2 Nxg3 11. hxg3 Nf8 12. Rc1 Be6 13. Nf4 g5 14. Nxe6 fxe6
15. a3 O-O-O 16. b4 Nd7 17. Qb2 h5 18. Ke2 Kb8 19. Na4 Qc7 20. b5 c5 21. dxc5
Bxc5 22. Qg7 Qd6 23. Nxc5 Nxc5 24. Qc3 b6 25. Qb4 e5 26. a4 Rhf8 27. Rhf1 d4
28. e4 Rc8 29. Rc4 Qe6 30. f3 g4 31. a5 bxa5 32. Qb1 Nxd3 33. Rxc8+ Rxc8 34.
Qxd3 0-1

[Event "35th T-ch GR"]
[Site "Ermioni"]
[Date "2006.07.06"]
[Round "2.4"]
[White "Psomiadis, Stavros"]
[Black "Vragoteris, Antonios"]
[Result "0-1"]
[WhiteElo "2221"]
[BlackElo "2336"]
[PlyCount "96"]
[EventDate "2006.07.03"]

1. e4 c5 2. Nf3 e6 3. b3 d6 4. Bb2 Nf6 5. e5 dxe5 6. Nxe5 Nbd7 7. f4 Qc7 8. Na3
a6 9. Qf3 Rb8 10. Nxd7 Nxd7 11. f5 e5 12. Bd3 b5 13. c4 Bb7 14. Be4 Bxe4 15.
Qxe4 Bd6 16. Qe2 Qc6 17. O-O O-O 18. d3 Nf6 19. Rae1 Rfe8 20. Nc2 bxc4 21. dxc4
Rbd8 22. Bc1 h6 23. Ne3 e4 24. Bb2 Be5 25. Bxe5 Rxe5 26. Ng4 Nxg4 27. Qxg4 f6
28. Re3 Rd3 29. Qe2 Rxe3 30. Qxe3 Qd7 31. g4 Qd4 32. Re1 Kf8 33. Kg2 Ke7 34.
Kg3 Qd6 35. Kg2 Qd4 36. Re2 a5 37. Kf2 h5 38. h3 hxg4 39. hxg4 Qa1 40. Kg2 Qd4
41. Kg3 a4 42. Kf2 Qd1 43. bxa4 Qxa4 44. Qb3 Qd7 45. Rb2 Qd4+ 46. Ke2 e3 47.
Qb7+ Kf8 48. Kf3 e2 0-1

[Event "35th T-ch GR"]
[Site "Ermioni"]
[Date "2006.07.06"]
[Round "2.4"]
[White "Zakarian, David"]
[Black "Ilandzis, Spyridon"]
[Result "1-0"]
[WhiteElo "2327"]
[BlackElo "2174"]
[PlyCount "69"]
[EventDate "2006.07.03"]

1. f4 c5 2. Nf3 d5 3. g3 h5 4. Bg2 h4 5. Nxh4 e5 6. d3 exf4 7. Bxf4 g5 8. Be5
gxh4 9. Bxh8 Qg5 10. Qd2 Qh5 11. Qe3+ Be6 12. Qe5 Qh6 13. Bxd5 Nd7 14. Qe4 Ngf6
15. Bxf6 Nxf6 16. Qa4+ Bd7 17. Qb3 Qc1+ 18. Kf2 Ng4+ 19. Kg2 h3+ 20. Kxh3 Ne3+
21. g4 Bxg4+ 22. Kg3 Bd6+ 23. Kf2 Nd1+ 24. Rxd1 Qxd1 25. Nc3 Qxa1 26. Qxb7 Rb8
27. Qxf7+ Kd8 28. Bc6 Bg3+ 29. hxg3 Qxb2 30. Qf8+ Kc7 31. Qxc5 Rf8+ 32. Bf3+
Kd7 33. Qxf8 Bxf3 34. Qg7+ Ke6 35. Kxf3 1-0

[Event "35th T-ch GR"]
[Site "Ermioni"]
[Date "2006.07.06"]
[Round "2.1"]
[White "Kritz, Leonid"]
[Black "Kourkounakis, Ilias"]
[Result "1/2-1/2"]
[WhiteElo "2578"]
[BlackElo "2379"]
[PlyCount "40"]
[EventDate "2006.07.03"]

1. e4 c6 2. d3 d5 3. Nd2 Qc7 4. Ngf3 Bg4 5. h3 Bh5 6. b3 Nd7 7. Bb2 e5 8. Be2
Bd6 9. d4 Bxf3 10. Bxf3 Ngf6 11. exd5 cxd5 12. O-O O-O 13. c4 e4 14. Be2 Bf4
15. Re1 e3 16. Nf1 exf2+ 17. Kxf2 Ne4+ 18. Kg1 Bg3 19. Nxg3 Qxg3 20. Qd3 Qf2+
1/2-1/2

[Event "35th T-ch GR"]
[Site "Ermioni"]
[Date "2006.07.06"]
[Round "2.1"]
[White "Shahtahtinsky, Alekper"]
[Black "Lirindzakis, Timotheos"]
[Result "1/2-1/2"]
[WhiteElo "2273"]
[BlackElo "2381"]
[PlyCount "46"]
[EventDate "2006.07.03"]

1. d4 d5 2. c4 c6 3. Nf3 Nf6 4. cxd5 cxd5 5. Nc3 Nc6 6. Bf4 a6 7. e3 Bg4 8. h3
Bh5 9. Be2 e6 10. O-O Bd6 11. Bxd6 Qxd6 12. Nd2 Bxe2 13. Qxe2 O-O 14. Rfc1 Rfc8
15. Nb3 Rc7 16. Na4 Nd7 17. Nbc5 Re8 18. Nxd7 Rxd7 19. Nc5 Rc7 20. Nd3 Rec8 21.
Qd2 Nb8 22. Rxc7 Rxc7 23. Rc1 Nd7 1/2-1/2

[Event "35th T-ch GR"]
[Site "Ermioni"]
[Date "2006.07.06"]
[Round "2.3"]
[White "Mastrokoukos, Georgios"]
[Black "Pountzas, Hrisanthos"]
[Result "1-0"]
[WhiteElo "2324"]
[BlackElo "2262"]
[PlyCount "157"]
[EventDate "2006.07.03"]

1. e4 c5 2. Nf3 d6 3. c3 g6 4. d4 cxd4 5. cxd4 Bg7 6. h3 Nf6 7. Nc3 O-O 8. Be2
Nc6 9. d5 Ne5 10. Nd4 Ned7 11. O-O Nc5 12. Bf3 Nfd7 13. b4 Na6 14. a3 Nb6 15.
Be2 Bd7 16. Be3 Nc7 17. a4 e6 18. a5 Nc8 19. dxe6 Nxe6 20. Rc1 Re8 21. Qd2 Nxd4
22. Bxd4 Be6 23. Rfd1 Bxd4 24. Qxd4 Qg5 25. Qd2 Qh4 26. Bf3 Bb3 27. Re1 Re5 28.
Nd1 Qd8 29. Ne3 h5 30. Qc3 Be6 31. Red1 Qg5 32. Kf1 Qf4 33. Nc4 Rb5 34. Na3 Re5
35. Qd2 Qf6 36. Qe3 Qd8 37. Kg1 Qd7 38. Qd3 Qa4 39. Nc4 Rb5 40. Nxd6 Nxd6 41.
Qxd6 Rxb4 42. Rc5 Rb2 43. Rdc1 Qa2 44. Qg3 Kf8 45. Bxh5 Rb1 46. Qd6+ Kg8 47.
Bf3 Rxc1+ 48. Rxc1 Qxa5 49. Rc7 Qg5 50. Rxb7 a5 51. Qc7 a4 52. Bg4 Bb3 53. e5
Qd8 54. Qc3 Qe8 55. Bd7 Qf8 56. e6 Bxe6 57. Bxe6 fxe6 58. Qe5 Re8 59. Qg5 Qf5
60. Qh6 Qf6 61. Ra7 Qa1+ 62. Kh2 Qf6 63. Qh7+ Kf8 64. Qh6+ Kg8 65. Rxa4 e5 66.
Rg4 Re6 67. Qe3 Qf5 68. Re4 Kg7 69. f3 g5 70. Ra4 Kg6 71. Rg4 Kf6 72. h4 gxh4
73. Qh6+ Ke7 74. Rg7+ Kd6 75. Qd2+ Kc5 76. Qc3+ Kb5 77. Rb7+ Ka6 78. Rb8 Ka7
79. Qc7+ 1-0

[Event "35th T-ch GR"]
[Site "Ermioni"]
[Date "2006.07.06"]
[Round "2.4"]
[White "Vaisser, Anatoly"]
[Black "Dimitrov, Atanas"]
[Result "1-0"]
[WhiteElo "2568"]
[BlackElo "2288"]
[PlyCount "85"]
[EventDate "2006.07.03"]

1. d4 Nf6 2. c4 d6 3. Nc3 Bf5 4. g3 e5 5. Bg2 c6 6. e4 Bg4 7. Nge2 Be7 8. Be3
h5 9. f3 Be6 10. d5 cxd5 11. cxd5 Bc8 12. Qd2 h4 13. O-O-O a6 14. Kb1 Nbd7 15.
Nc1 Nb6 16. b3 Nbd7 17. Nd3 Kf8 18. Rc1 Kg8 19. Qf2 Nh5 20. Rc2 Bg5 21. f4 Bf6
22. Na4 exf4 23. gxf4 b5 24. Nb6 Nxb6 25. Bxb6 Qe8 26. Qe3 Rh6 27. Bf3 Bd7 28.
Rg1 Rc8 29. Rxc8 Bxc8 30. Rc1 Bd7 31. Bc7 Be7 32. e5 Bf8 33. Re1 Bf5 34. Be4
Qd7 35. Ba5 Rg6 36. Bc3 h3 37. Qf3 Bg4 38. Qe3 Bf5 39. Ka1 Qc8 40. Bb2 Be7 41.
e6 Bxe4 42. Qxe4 Bf6 43. Qf5 1-0

[Event "35th T-ch GR"]
[Site "Ermioni"]
[Date "2006.07.07"]
[Round "3.1"]
[White "Svetushkin, Dmitry"]
[Black "Haritakis, Theodoros"]
[Result "1-0"]
[WhiteElo "2569"]
[BlackElo "2294"]
[PlyCount "101"]
[EventDate "2006.07.03"]

1. e4 d6 2. d4 Nf6 3. f3 e5 4. d5 Be7 5. Be3 O-O 6. c4 Ne8 7. Nc3 Na6 8. Bd3
Nc5 9. Bc2 a5 10. Nge2 Bd7 11. b3 g6 12. Qd2 f5 13. exf5 gxf5 14. O-O-O Kh8 15.
g4 fxg4 16. fxg4 Bxg4 17. Rhg1 Qd7 18. Bh6 Rf6 19. Bg5 Rf7 20. Bh6 Nf6 21. Rdf1
Rg8 22. Rg3 Qe8 23. Rfg1 Bxe2 24. Qxe2 Rxg3 25. Rxg3 Ng8 26. Be3 Nf6 27. Bf5
Rg7 28. Kb2 b6 29. Qg2 Qg8 30. Qh3 Rxg3 31. hxg3 Bf8 32. g4 Bg7 33. g5 Ne8 34.
Bxc5 dxc5 35. Ne4 Nd6 36. Ka3 Nxe4 37. Bxe4 Bf8 38. Qh5 Qg7 39. Qg4 Qe7 40. Qc8
Kg7 41. Ka4 Kf7 42. d6 Qxd6 43. Qf5+ Ke8 44. Kb5 Kd8 45. Bc6 Bg7 46. Qxh7 Qe7
47. Qd3+ Kc8 48. Qd5 e4 49. Ka6 e3 50. Bd7+ Kd8 51. Bb5+ 1-0

[Event "35th T-ch GR"]
[Site "Ermioni"]
[Date "2006.07.07"]
[Round "3.3"]
[White "Prentos, Konstantinos"]
[Black "Banikas, Hristos"]
[Result "0-1"]
[WhiteElo "2258"]
[BlackElo "2576"]
[PlyCount "68"]
[EventDate "2006.07.03"]

1. e4 c5 2. Nf3 Nc6 3. d4 cxd4 4. Nxd4 Qc7 5. Nc3 e6 6. Be2 a6 7. Be3 b5 8. a3
Bb7 9. O-O Ne5 10. Nb3 Nf6 11. f4 Nc4 12. Bxc4 bxc4 13. Nd2 Be7 14. Qe2 Rc8 15.
Kh1 O-O 16. Rf3 Ng4 17. Bd4 f5 18. Raf1 Bf6 19. e5 Be7 20. Rh3 d6 21. Nf3 Rfd8
22. Rg3 dxe5 23. Bxe5 Nxe5 24. Nxe5 Bf6 25. Re3 Qb6 26. Nxc4 Rxc4 27. Rxe6 Qc5
28. Na4 Rxa4 29. Re8+ Kf7 30. Qe6+ Kg6 31. Rxd8 Qxc2 32. Rg1 Re4 33. Qb6 Re1
34. Qxb7 Qf2 0-1

[Event "35th T-ch GR"]
[Site "Ermioni"]
[Date "2006.07.07"]
[Round "3.4"]
[White "Managadze, Nikoloz"]
[Black "Georgiev, Krum"]
[Result "0-1"]
[WhiteElo "2444"]
[BlackElo "2485"]
[PlyCount "66"]
[EventDate "2006.07.03"]

1. Nf3 Nf6 2. b3 g6 3. Bb2 Bg7 4. c4 O-O 5. e3 d6 6. d4 e5 7. Nc3 e4 8. Nd2 Re8
9. Qc2 Nc6 10. h3 h5 11. a3 Bf5 12. Ne2 Ne7 13. O-O-O c6 14. Nc3 a6 15. c5 b5
16. cxb6 Qxb6 17. Nc4 Qb8 18. b4 Be6 19. Na5 c5 20. bxc5 dxc5 21. d5 Nexd5 22.
Nxd5 Nxd5 23. Bxg7 Kxg7 24. Bc4 Qe5 25. Bxd5 Bxd5 26. Qb2 Rab8 27. Qxe5+ Rxe5
28. Rd2 Rb5 29. Rhd1 c4 30. Rxd5 Rexd5 31. Nxc4 Rb1+ 32. Kxb1 Rxd1+ 33. Kc2 Rf1
0-1

[Event "35th T-ch GR"]
[Site "Ermioni"]
[Date "2006.07.07"]
[Round "3.1"]
[White "Kourkounakis, Ilias"]
[Black "Vaisser, Anatoly"]
[Result "1/2-1/2"]
[WhiteElo "2379"]
[BlackElo "2568"]
[PlyCount "27"]
[EventDate "2006.07.03"]

1. d4 e6 2. c4 f5 3. g3 Nf6 4. Bg2 c6 5. Nh3 d5 6. O-O Be7 7. b3 b5 8. Nc3 bxc4
9. bxc4 O-O 10. Rb1 Ne4 11. Nxe4 fxe4 12. Qa4 Bd6 13. Bf4 a5 14. f3 1/2-1/2

[Event "35th T-ch GR"]
[Site "Ermioni"]
[Date "2006.07.07"]
[Round "3.2"]
[White "Dimitrov, Atanas"]
[Black "Kanellopoulos, Panayotis"]
[Result "0-1"]
[WhiteElo "2288"]
[BlackElo "2271"]
[PlyCount "152"]
[EventDate "2006.07.03"]

1. g3 Nf6 2. Bg2 g6 3. d4 Bg7 4. e4 d6 5. Nc3 O-O 6. Nge2 e5 7. h3 Na6 8. O-O
c6 9. a4 Re8 10. Be3 Qe7 11. g4 Nc7 12. f4 exf4 13. Bxf4 Be6 14. Qd2 Bc4 15.
Rfe1 Ne6 16. Be3 d5 17. e5 Nd7 18. b3 Ba6 19. Nf4 Nxf4 20. Bxf4 Nf8 21. Bg5 Qd7
22. Rad1 Ne6 23. Bf6 h6 24. h4 b6 25. g5 h5 26. Bf3 Bc8 27. Ne2 Bf8 28. Bg2 Ng7
29. Rf1 Ba6 30. Bxg7 Bxg7 31. Rf4 Re7 32. Kh2 Bc8 33. Rdf1 Qe8 34. Rf6 Be6 35.
Nf4 Rd8 36. Qd3 Rdd7 37. c3 Rc7 38. Kh1 Qc8 39. Nxe6 Rxe6 40. Bh3 Bxf6 41. gxf6
Kf8 42. Rg1 Ke8 43. Rxg6 fxg6 44. Qxg6+ Kf8 45. Qh6+ Kg8 46. Qg6+ Kh8 47. Qh6+
Rh7 48. Qf4 Qg8 49. Qf5 Re8 50. Kh2 Qf7 51. Kg3 Rh6 52. Kf4 Kg8 53. Qg5+ Rg6
54. Qf5 Kf8 55. c4 Rh6 56. Qg5 Rg6 57. Qf5 a5 58. cxd5 cxd5 59. Kf3 Qg8 60. Qf4
Kf7 61. Qf5 Rg3+ 62. Kf4 Rxh3 63. Qd7+ Kg6 64. Qxh3 Kh6 65. Qf5 Qg1 66. e6
Qxd4+ 67. Kg3 Qg1+ 68. Kf4 Qf2+ 69. Ke5 Qe3+ 70. Kd6 Qc5+ 71. Kd7 Qc8+ 72. Kd6
Rd8+ 73. Ke5 Qc3+ 74. Kf4 Qb4+ 75. Ke5 Qe1+ 76. Kf4 Qf2+ 0-1

[Event "35th T-ch GR"]
[Site "Ermioni"]
[Date "2006.07.07"]
[Round "3.3"]
[White "Inarkiev, Ernesto"]
[Black "Gustafsson, Jan"]
[Result "1-0"]
[WhiteElo "2625"]
[BlackElo "2589"]
[PlyCount "69"]
[EventDate "2006.07.03"]

1. e4 e5 2. Nf3 Nc6 3. Bb5 a6 4. Ba4 Nf6 5. O-O Be7 6. Re1 b5 7. Bb3 O-O 8. h3
Bb7 9. d3 d6 10. a3 Na5 11. Ba2 c5 12. Nbd2 Nc6 13. c3 Qd7 14. a4 Rae8 15. axb5
axb5 16. Qb3 Na5 17. Qc2 Nc6 18. Qb3 Na5 19. Qc2 Nc6 20. Nf1 d5 21. Ne3 dxe4
22. dxe4 c4 23. Nf5 Ra8 24. Bg5 Qe6 25. b3 Na5 26. bxc4 bxc4 27. Rab1 Bd8 28.
Rb5 Nd7 29. Rd1 Bc7 30. Be7 Bc6 31. Bxf8 Kxf8 32. Qb1 Bxb5 33. Qxb5 Rd8 34. Ng5
Qb6 35. Rxd7 1-0

[Event "35th T-ch GR"]
[Site "Ermioni"]
[Date "2006.07.07"]
[Round "4.1"]
[White "Macieja, Bartlomiej"]
[Black "Socko, Bartosz"]
[Result "1/2-1/2"]
[WhiteElo "2613"]
[BlackElo "2621"]
[PlyCount "22"]
[EventDate "2006.07.03"]

1. e4 e5 2. Nf3 Nc6 3. d4 exd4 4. Nxd4 Bc5 5. Nb3 Bb6 6. Nc3 d6 7. a4 a6 8. Nd5
Ba7 9. Qf3 Be6 10. Be3 Bxe3 11. Qxe3 Nf6 1/2-1/2

[Event "35th T-ch GR"]
[Site "Ermioni"]
[Date "2006.07.07"]
[Round "4.1"]
[White "Tzermiadianos, Andreas"]
[Black "Georgiev, Krum"]
[Result "1/2-1/2"]
[WhiteElo "2462"]
[BlackElo "2485"]
[PlyCount "21"]
[EventDate "2006.07.03"]

1. Nf3 Nf6 2. g3 g6 3. Bg2 Bg7 4. O-O O-O 5. d4 d6 6. b3 e5 7. dxe5 Nfd7 8. Bb2
dxe5 9. e4 Nc6 10. Nbd2 Nb6 11. Qe2 1/2-1/2

[Event "35th T-ch GR"]
[Site "Ermioni"]
[Date "2006.07.07"]
[Round "4.2"]
[White "Oreopoulos, Konstantinos"]
[Black "Managadze, Nikoloz"]
[Result "1/2-1/2"]
[WhiteElo "2241"]
[BlackElo "2444"]
[PlyCount "65"]
[EventDate "2006.07.03"]

1. d4 d6 2. c4 e5 3. Nf3 exd4 4. Nxd4 g6 5. Nc3 Bg7 6. e4 Ne7 7. Be2 O-O 8. O-O
Nbc6 9. Be3 f5 10. exf5 Bxd4 11. Bxd4 Nxf5 12. Be3 Nxe3 13. fxe3 Rxf1+ 14. Qxf1
Be6 15. Qf4 Qe7 16. Rf1 a6 17. Ne4 Kg7 18. a3 Bg8 19. c5 dxc5 20. Nxc5 Re8 21.
Nxb7 Qxe3+ 22. Qxe3 Rxe3 23. Bxa6 Nb8 24. Bb5 Rb3 25. a4 c6 26. Na5 Rxb2 27.
Bc4 Bxc4 28. Nxc4 Rb4 29. Ne5 Re4 30. Rf7+ Kh6 31. Re7 Rxa4 32. Rb7 Na6 33.
Nxc6 1/2-1/2

[Event "35th T-ch GR"]
[Site "Ermioni"]
[Date "2006.07.07"]
[Round "4.3"]
[White "Nikolaidis, Ioannis"]
[Black "Vragoteris, Antonios"]
[Result "1/2-1/2"]
[WhiteElo "2538"]
[BlackElo "2336"]
[PlyCount "47"]
[EventDate "2006.07.03"]

1. d4 Nf6 2. c4 e6 3. Nf3 c5 4. g3 cxd4 5. Nxd4 a6 6. Bg2 Qc7 7. b3 Bb4+ 8. Bd2
Bc5 9. Bc3 d5 10. cxd5 Nxd5 11. Bb2 b5 12. O-O Bb7 13. a4 Qb6 14. axb5 axb5 15.
Rxa8 Bxa8 16. Nf5 O-O 17. e4 exf5 18. exd5 Rd8 19. Qd3 Nc6 20. Qxf5 Nd4 21.
Bxd4 Bxd4 22. Na3 g6 23. Qd3 Bxd5 24. Qxb5 1/2-1/2

[Event "35th T-ch GR"]
[Site "Ermioni"]
[Date "2006.07.07"]
[Round "4.4"]
[White "Sokolov, Andrei"]
[Black "Haritakis, Theodoros"]
[Result "1-0"]
[WhiteElo "2589"]
[BlackElo "2294"]
[PlyCount "101"]
[EventDate "2006.07.03"]

1. e4 e6 2. d4 d5 3. Nd2 c5 4. exd5 exd5 5. Ngf3 Nf6 6. Bb5+ Bd7 7. Bxd7+ Nbxd7
8. O-O Be7 9. dxc5 Nxc5 10. Re1 O-O 11. Nf1 Rc8 12. Be3 a5 13. c3 b5 14. Nd4
Qd7 15. Qf3 g6 16. Rad1 Rfe8 17. Bh6 Nce4 18. Ne3 b4 19. cxb4 axb4 20. g4 Bf8
21. Bxf8 Kxf8 22. Qf4 Kg7 23. f3 Nd6 24. h4 h6 25. Qxd6 Qxd6 26. Nef5+ gxf5 27.
Nxf5+ Kf8 28. Nxd6 Rxe1+ 29. Rxe1 Rc2 30. b3 Rxa2 31. Nf5 Rb2 32. Re3 Rd2 33.
Kf1 d4 34. Re5 Rd3 35. Ke2 Rxb3 36. Nxd4 Rb1 37. Rb5 Ne8 38. Rb8 Ke7 39. Nc6+
Kd7 40. Rxb4 Rxb4 41. Nxb4 Ke6 42. Nc6 Nd6 43. Ke3 f6 44. h5 Nc4+ 45. Kf4 Nd6
46. Nd4+ Kd5 47. Nf5 Nf7 48. Ne7+ Kd6 49. Ng8 Ke6 50. Ke4 Nd6+ 51. Ke3 1-0

[Event "35th T-ch GR"]
[Site "Ermioni"]
[Date "2006.07.07"]
[Round "4.4"]
[White "Papadopoulos, I."]
[Black "Halkias, Stelios"]
[Result "1-0"]
[WhiteElo "2285"]
[BlackElo "2551"]
[PlyCount "81"]
[EventDate "2006.07.03"]

1. e4 c5 2. Nf3 Nc6 3. d4 cxd4 4. Nxd4 Nf6 5. Nc3 e5 6. Ndb5 d6 7. Bg5 a6 8.
Na3 b5 9. Nd5 Be7 10. Bxf6 Bxf6 11. c3 Ne7 12. Nxf6+ gxf6 13. Nc2 Bb7 14. Bd3
d5 15. Qe2 f5 16. f3 dxe4 17. fxe4 f4 18. O-O-O Qb6 19. g3 Ng6 20. Nb4 O-O 21.
Bc2 a5 22. Nd5 Bxd5 23. exd5 b4 24. c4 Qd6 25. gxf4 exf4 26. Rhe1 Rac8 27. Kb1
Rc5 28. h4 f3 29. Qxf3 Rxc4 30. h5 Nf4 31. Qg4+ Kh8 32. Qf5 Qh6 33. d6 Rcc8 34.
d7 Rcd8 35. Qe5+ f6 36. Qf5 b3 37. axb3 Rg8 38. Re7 Rg7 39. Qxa5 Rdg8 40. Rxg7
Qxg7 41. d8=Q 1-0

[Event "35th T-ch GR"]
[Site "Ermioni"]
[Date "2006.07.07"]
[Round "4.4"]
[White "Skembris, Spyridon"]
[Black "Ilandzis, Spyridon"]
[Result "0-1"]
[WhiteElo "2458"]
[BlackElo "2174"]
[PlyCount "70"]
[EventDate "2006.07.03"]

1. d4 Nf6 2. c4 e6 3. g3 c5 4. d5 exd5 5. cxd5 d6 6. Nc3 g6 7. Bg2 Bg7 8. Nf3
O-O 9. O-O Re8 10. Nd2 Nbd7 11. h3 a6 12. a4 Rb8 13. Nc4 Ne5 14. Nxe5 Rxe5 15.
e4 b5 16. axb5 axb5 17. f4 Re7 18. e5 Ne8 19. Ne4 Bf5 20. Nxd6 Nxd6 21. g4 Be4
22. Ra6 Rb6 23. Rxb6 Qxb6 24. Bxe4 c4+ 25. Kg2 Nxe4 26. Qf3 f5 27. Be3 Qd8 28.
d6 Re6 29. Ra1 Bf8 30. Kh2 Bxd6 31. gxf5 gxf5 32. exd6 Rxd6 33. Ra7 Qe8 34. Rb7
Rd3 35. h4 Nf6 0-1

[Event "35th T-ch GR"]
[Site "Ermioni"]
[Date "2006.07.07"]
[Round "4.2"]
[White "Mastrokoukos, Georgios"]
[Black "Lirindzakis, Timotheos"]
[Result "1/2-1/2"]
[WhiteElo "2324"]
[BlackElo "2381"]
[PlyCount "60"]
[EventDate "2006.07.03"]

1. d4 e6 2. Nf3 Nf6 3. e3 b6 4. Bd3 Bb7 5. Qe2 c5 6. c3 Nc6 7. O-O d5 8. Nbd2
Be7 9. dxc5 Bxc5 10. e4 dxe4 11. Nxe4 Be7 12. Rd1 Qc7 13. Bg5 Nxe4 14. Bxe4
Bxg5 15. Nxg5 h6 16. Nf3 O-O 17. Qc4 Rac8 18. Rd2 Rfd8 19. Rad1 Rxd2 20. Rxd2
Rd8 21. Rxd8+ Qxd8 22. Qd3 Qxd3 23. Bxd3 Kf8 24. Kf1 Ke7 25. Ke2 f5 26. g3 Kf6
27. Nd4 Nxd4+ 28. cxd4 Bd5 29. a3 g5 30. Ke3 Ke7 1/2-1/2

[Event "35th T-ch GR"]
[Site "Ermioni"]
[Date "2006.07.07"]
[Round "4.3"]
[White "Bojkov, Dejan"]
[Black "Inarkiev, Ernesto"]
[Result "1/2-1/2"]
[WhiteElo "2445"]
[BlackElo "2625"]
[PlyCount "171"]
[EventDate "2006.07.03"]

1. e4 e5 2. Nf3 Nc6 3. Bc4 Nf6 4. d3 h6 5. O-O d6 6. c3 g6 7. Re1 Bg7 8. Bb3
O-O 9. Nbd2 Nd7 10. Nf1 Nc5 11. Bc2 Ne6 12. Ng3 Qf6 13. h3 Ncd8 14. Ne2 c5 15.
Be3 Nc6 16. Qd2 Kh7 17. Nh2 Qd8 18. f4 exf4 19. Nxf4 Nxf4 20. Bxf4 f5 21. exf5
Bxf5 22. Rf1 Qd7 23. Nf3 g5 24. Be3 Ne7 25. d4 c4 26. b3 b5 27. bxc4 bxc4 28.
Rab1 Kh8 29. Bxf5 Rxf5 30. Qe2 Nd5 31. Bd2 Nb6 32. Rbe1 Raf8 33. Qe4 R5f6 34.
Nh2 Rxf1+ 35. Rxf1 Rxf1+ 36. Nxf1 Qf7 37. Ne3 d5 38. Qg4 Nd7 39. Qg3 Nf6 40.
Be1 Ne4 41. Qb8+ Kh7 42. Qc8 h5 43. Qf5+ Qxf5 44. Nxf5 Bf8 45. Ne3 Nf6 46. Bg3
Ne4 47. Be1 Nf6 48. Bg3 Ba3 49. Be5 Bc1 50. Nxc4 Ne4 51. Na5 Nxc3 52. Nc6 a6
53. a4 Nxa4 54. Nb4 a5 55. Nc6 Bd2 56. Bc7 Kg6 57. g4 hxg4 58. hxg4 Nb2 59.
Bxa5 Bxa5 60. Nxa5 Nc4 61. Nxc4 dxc4 62. Kf2 Kf6 63. Ke2 Ke6 64. Kd2 Kd6 65.
Kc2 Kc6 66. Kd2 Kb6 67. Kc2 Ka5 68. Kc1 Ka4 69. Kb2 Ka5 70. Kc1 Kb5 71. Kb2 Ka4
72. Kc3 Kb5 73. Kb2 Kc6 74. Kc2 Kb6 75. Kc3 Kb5 76. Kb2 Kb4 77. Kc2 c3 78. d5
Kc5 79. Kxc3 Kxd5 80. Kd3 Ke5 81. Ke3 Kd5 82. Kd3 Ke5 83. Ke3 Kd5 84. Kd3 Ke5
85. Ke3 Kd5 86. Kd3 1/2-1/2

[Event "35th T-ch GR"]
[Site "Ermioni"]
[Date "2006.07.07"]
[Round "4.4"]
[White "Tsiamis, Konstantinos"]
[Black "Pountzas, Hrisanthos"]
[Result "1-0"]
[WhiteElo "2299"]
[BlackElo "2262"]
[PlyCount "96"]
[EventDate "2006.07.03"]

1. d4 Nf6 2. c4 c5 3. d5 b5 4. Nd2 bxc4 5. e4 c3 6. bxc3 g6 7. Ngf3 Bg7 8. Qc2
O-O 9. Bd3 d6 10. Bb2 Nbd7 11. O-O e5 12. dxe6 fxe6 13. e5 dxe5 14. c4 Rb8 15.
Bc3 Nh5 16. Rfe1 Nf4 17. Bf1 Bb7 18. g3 Nh5 19. Bg2 Rf7 20. Ne4 Qc7 21. Nfg5
Re7 22. Rad1 Nhf6 23. Nxf6+ Bxf6 24. Ne4 Bg7 25. Rd2 Rf8 26. Red1 Nb8 27. Rd6
Nc6 28. Nxc5 Nd4 29. Bxd4 Bxg2 30. Be3 Bh3 31. Qe4 Bf5 32. Qc6 Qxc6 33. Rxc6
Rb8 34. f3 Rb2 35. a4 Re2 36. Bf2 Bh3 37. Ne4 Bh6 38. Ra6 Rc2 39. Rxa7 Rxa7 40.
Bxa7 Rg2+ 41. Kh1 Ra2 42. Bf2 Rxa4 43. c5 Rc4 44. g4 Bf4 45. Bg1 Rc1 46. Rxc1
Bxc1 47. c6 Bf1 48. c7 Bd2 1-0

[Event "35th T-ch GR"]
[Site "Ermioni"]
[Date "2006.07.08"]
[Round "5.1"]
[White "Halkias, Stelios"]
[Black "Tzermiadianos, Andreas"]
[Result "1-0"]
[WhiteElo "2551"]
[BlackElo "2462"]
[PlyCount "65"]
[EventDate "2006.07.03"]

1. d4 d5 2. c4 e6 3. Nc3 c6 4. e4 dxe4 5. Nxe4 Bb4+ 6. Bd2 Qxd4 7. Bxb4 Qxe4+
8. Be2 Na6 9. Bd6 b6 10. Nf3 Bb7 11. O-O O-O-O 12. Bd3 Qg4 13. c5 Nxc5 14. Bxc5
bxc5 15. Qc2 Nf6 16. Rfe1 Qf4 17. Re5 Rd5 18. Rae1 Rhd8 19. Bf1 g5 20. R5e3 g4
21. g3 Qf5 22. Qxf5 Rxf5 23. Ne5 Rd2 24. Nxf7 Rfxf2 25. Nd6+ Kc7 26. Rxe6 Rf3
27. Nc4 Rc2 28. Re7+ Kb8 29. Na5 Rxb2 30. Rf7 Rb6 31. Bg2 Rb5 32. Nxb7 Rxb7 33.
Rf8+ 1-0

[Event "35th T-ch GR"]
[Site "Ermioni"]
[Date "2006.07.08"]
[Round "5.1"]
[White "Mihailidis, Anastacios"]
[Black "Skembris, Spyridon"]
[Result "0-1"]
[WhiteElo "2252"]
[BlackElo "2458"]
[PlyCount "114"]
[EventDate "2006.07.03"]

1. e4 g6 2. d4 Bg7 3. Be3 c5 4. Nc3 Qa5 5. Qd2 cxd4 6. Bxd4 Bxd4 7. Qxd4 Nf6 8.
Nf3 Nc6 9. Qd2 d6 10. Bd3 Bg4 11. Nd5 Nxd5 12. Qxa5 Nxa5 13. exd5 Bxf3 14. gxf3
Rc8 15. O-O-O Nc4 16. Rhe1 Ne5 17. Be2 g5 18. h4 h6 19. f4 gxf4 20. f3 Rg8 21.
Rd4 Rg2 22. Kb1 Rc5 23. b4 Rc7 24. Rxf4 Rh2 25. c4 Kf8 26. Re4 Ng6 27. Rg1 Rxh4
28. Rxh4 Nxh4 29. Rh1 Nf5 30. Bd3 Ne3 31. Rh4 h5 32. Re4 Nf5 33. Kb2 Ng7 34.
Rh4 e6 35. dxe6 Nxe6 36. Kc3 Ng7 37. Kd4 Re7 38. Be4 f5 39. Bd5 b6 40. c5 dxc5+
41. bxc5 Re1 42. cxb6 axb6 43. f4 Ke7 44. Bf3 Kd6 45. Bxh5 Re4+ 46. Kc3 Ne6 47.
Bd1 Nxf4 48. Rh6+ Kc5 49. Bb3 Ne2+ 50. Kd2 Nd4 51. Rh5 b5 52. Kd3 Rf4 53. Bf7
Rf3+ 54. Kd2 Rg3 55. Rh8 f4 56. Rh5+ Kb4 57. Rh4 Nf3+ 0-1

[Event "35th T-ch GR"]
[Site "Ermioni"]
[Date "2006.07.08"]
[Round "5.2"]
[White "Haritakis, Theodoros"]
[Black "Banikas, Hristos"]
[Result "0-1"]
[WhiteElo "2294"]
[BlackElo "2576"]
[PlyCount "66"]
[EventDate "2006.07.03"]

1. d4 Nf6 2. Nf3 g6 3. g3 Bg7 4. Bg2 O-O 5. O-O d6 6. b3 Nc6 7. Bb2 e5 8. dxe5
Nd7 9. c4 dxe5 10. Nc3 e4 11. Ne1 Nc5 12. Qc1 Nd4 13. Ba3 Ncxb3 14. axb3 Nxb3
15. Qb2 Nxa1 16. Bxf8 Qxf8 17. Qxa1 Bg4 18. Nc2 Bxe2 19. Re1 Bxc4 20. Bxe4 c6
21. Ne3 Be6 22. Qc1 Qb4 23. Ned1 a5 24. Bb1 a4 25. Re4 Qc5 26. Qe3 Qxe3 27.
fxe3 b5 28. Ba2 Bxa2 29. Nxa2 c5 30. Re7 b4 31. Rb7 b3 32. Nac3 Bxc3 33. Nxc3
c4 0-1

[Event "35th T-ch GR"]
[Site "Ermioni"]
[Date "2006.07.08"]
[Round "5.2"]
[White "Papaioannou, Ioannis"]
[Black "Papadopoulos, I."]
[Result "1/2-1/2"]
[WhiteElo "2575"]
[BlackElo "2285"]
[PlyCount "81"]
[EventDate "2006.07.03"]

1. d4 Nf6 2. Nf3 e6 3. g3 b6 4. Bg2 Bb7 5. O-O Be7 6. c4 O-O 7. d5 exd5 8. Nh4
c6 9. cxd5 Nxd5 10. Nf5 Bf6 11. e4 Ne7 12. Nd6 Ba6 13. Re1 Nc8 14. Nxc8 Bxc8
15. e5 Be7 16. Nc3 d5 17. exd6 Bxd6 18. Nb5 Bb4 19. Qxd8 Rxd8 20. Bg5 Rf8 21.
Rec1 a6 22. Nd4 Bd7 23. Nxc6 Bxc6 24. Bxc6 Nxc6 25. Rxc6 Bc5 26. Kf1 Rfc8 27.
Rxc8+ Rxc8 28. Rc1 Re8 29. Rc4 f6 30. Bf4 a5 31. Bd2 Re5 32. Bf4 Rd5 33. Ke2
Kf7 34. a4 Ke6 35. g4 h5 36. h3 hxg4 37. hxg4 Rd4 38. Rxd4 Bxd4 39. b3 Kd5 40.
f3 g6 41. Kd3 1/2-1/2